[Event "WE Autunno B"]
[Site "Roma"]
[Date "2020.10.09"]
[Round "1"]
[White "Pica, Livia"]
[Black "Giri, Andrea"]
[Result "0-1"]
[WhiteElo "1571"]
[BlackElo "1360"]
[PlyCount "62"]
[EventDate "2020.10.??"]
[EventType "tourn"]
[EventRounds "5"]
[SourceVersionDate "2021.02.07"]

1. d4 d5 2. Nc3 c5 3. e3 Bf5 4. Nf3 Nc6 5. Bb5 a6 6. Ba4 b5 7. dxc5 bxa4 8.
Nxa4 e6 9. Nd4 Qc7 10. Nxf5 exf5 11. Qxd5 Rd8 12. Qxf5 Qa5+ 13. Nc3 Qxc5 14.
Qe4+ Be7 15. O-O Nf6 16. Qf3 O-O 17. Qe2 Rd6 18. Na4 Qe5 19. Bd2 Nd4 20. Qc4
Ng4 21. f4 Nxe3 22. fxe5 Nxc4 23. exd6 Bxd6 24. Bf4 Bxf4 25. Rxf4 Ne2+ 26. Kf2
Nxf4 27. Rd1 Re8 28. Nc3 Nxb2 29. Rd4 Rc8 30. Rd6 f6 31. Na4 Nxa4 0-1

[Event "WE Autunno B"]
[Site "Roma"]
[Date "2020.10.09"]
[Round "1"]
[White "Fusè, Matteo"]
[Black "La Greca, Marco"]
[Result "1-0"]
[WhiteElo "1258"]
[BlackElo "1447"]
[PlyCount "81"]
[EventDate "2020.10.??"]
[EventType "tourn"]
[EventRounds "5"]
[SourceVersionDate "2021.02.07"]

1. e4 c5 2. b4 d6 3. Nf3 Bg4 4. h3 Bh5 5. Be2 Nf6 6. d3 e5 7. bxc5 dxc5 8. Bd2
Nc6 9. Nc3 Be7 10. O-O O-O 11. Rb1 Qd7 12. Nxe5 Bxe2 13. Nxd7 Bxd1 14. Nxf6+
Bxf6 15. Nxd1 b6 16. Ne3 Nd4 17. Kh2 Rad8 18. f4 Rfe8 19. e5 Bh4 20. Be1 g5 21.
Bxh4 gxh4 22. Rf2 f6 23. Ng4 Kg7 24. Nxf6 Rf8 25. Ne4 Rde8 26. c3 Nc6 27. Rd1
a5 28. d4 cxd4 29. cxd4 Rd8 30. d5 h6 31. Rff1 Ne7 32. d6 Nf5 33. Rb1 Ne3 34.
Rf3 Nd5 35. e6 Rfe8 36. f5 Nf6 37. Nxf6 Kxf6 38. Rxb6 h5 39. d7 Re7 40. Rc6
Rexd7 41. exd7+ 1-0

[Event "WE Autunno B"]
[Site "Roma"]
[Date "2020.10.09"]
[Round "1"]
[White "De Guisa, Michele"]
[Black "Marseglia, Serena"]
[Result "1/2-1/2"]
[WhiteElo "1390"]
[BlackElo "1245"]
[PlyCount "114"]
[EventDate "2020.10.??"]
[EventType "tourn"]
[EventRounds "5"]
[SourceVersionDate "2021.02.07"]

1. e4 c5 2. a3 d6 3. Nc3 Nc6 4. Bc4 Nf6 5. d3 Bd7 6. Nge2 g6 7. O-O Bg7 8. Ng3
O-O 9. Nce2 Ne5 10. Bb3 Qc8 11. f4 Neg4 12. f5 c4 13. Bxc4 Qc5+ 14. Kh1 Nf2+
15. Rxf2 Qxf2 16. Nf4 Ng4 17. Nh3 h5 18. Qf1 Qxc2 19. Qe2 Qxe2 20. Nxe2 b5 21.
Bd5 Rac8 22. fxg6 e6 23. Bb3 fxg6 24. Nhf4 Be5 25. h3 g5 26. hxg4 gxf4 27. d4
Bg7 28. gxh5 f3 29. Ng3 f2 30. Be3 Kh7 31. Rf1 e5 32. d5 Bh6 33. Bxf2 Rc1 34.
Kg1 Rxf1+ 35. Nxf1 Bg4 36. Ng3 Bf4 37. Kh2 Bxg3+ 38. Kxg3 Bxh5 39. Bxa7 Rg8+
40. Kf2 Rf8+ 41. Kg3 Be2 42. Bf2 Bd3 43. Bd1 Bxe4 44. Bf3 Rg8+ 45. Kh2 Bxf3 46.
gxf3 Rg7 47. b3 Rc7 48. Be1 Rc2+ 49. Kg3 Rc5 50. Kg4 Rxd5 51. Kf5 Rd3 52. Bb4
Rxf3+ 53. Ke4 Rxb3 54. Bxd6 Kg6 55. Kxe5 Kf7 56. Bb4 Ke8 57. Kd5 Rxa3 1/2-1/2

[Event "WE Autunno B"]
[Site "Roma"]
[Date "2020.10.09"]
[Round "1"]
[White "Marsico, Mario"]
[Black "Marchi, Alessandro"]
[Result "0-1"]
[WhiteElo "1152"]
[BlackElo "1370"]
[PlyCount "96"]
[EventDate "2020.10.??"]
[EventType "tourn"]
[EventRounds "5"]
[SourceVersionDate "2021.02.07"]

1. c4 f5 2. Nc3 Nf6 3. d4 g6 4. g3 Bg7 5. Bg2 O-O 6. Qb3 c6 7. c5+ e6 8. Bg5 h6
9. Bf4 g5 10. Bd6 Rf7 11. Nf3 Ne8 12. Be5 Na6 13. h4 g4 14. Bxg7 gxf3 15. Bxh6
fxg2 16. Rg1 Qf6 17. Be3 Rg7 18. O-O-O Nac7 19. Rxg2 Rh7 20. Bg5 Qg6 21. Qc2
Rf7 22. g4 Ng7 23. gxf5 Qxf5 24. Qxf5 Rxf5 25. Bh6 Rf7 26. Rdg1 Nce8 27. h5 Kh7
28. Bxg7 Nxg7 29. Ne4 Re7 30. Rg6 Nxh5 31. Ng5+ Kxg6 32. Nxe6+ Kf6 33. Nc7 Rb8
34. e3 b6 35. Rg8 Ng7 36. Rf8+ Rf7 37. Rh8 Ne6 38. Nxe6 Kxe6 39. cxb6 axb6 40.
Rh6+ Ke7 41. f4 Bb7 42. Kd2 Rg8 43. Kd3 d6 44. Rh2 d5 45. Rh5 Ba6+ 46. Kc3 Rg2
47. Re5+ Kd6 48. f5 Re7 0-1

[Event "WE Autunno B"]
[Site "Roma"]
[Date "2020.10.09"]
[Round "1"]
[White "Gismondi, Gherardo Maria"]
[Black "Nardoni, Matteo"]
[Result "1/2-1/2"]
[WhiteElo "1366"]
[BlackElo "1144"]
[PlyCount "89"]
[EventDate "2020.10.??"]
[EventType "tourn"]
[EventRounds "5"]
[SourceVersionDate "2021.02.07"]

1. e4 e5 2. f4 Nc6 3. Nf3 d6 4. Bc4 Be7 5. O-O Nf6 6. Nc3 O-O 7. fxe5 Nxe5 8.
d4 Nxc4 9. Qd3 Nb6 10. Bg5 h6 11. Bxf6 Bxf6 12. a4 a5 13. Ne2 Bd7 14. b3 Bg4
15. Rad1 Re8 16. h3 Bh5 17. Nf4 Bg6 18. Nxg6 fxg6 19. c4 Qe7 20. Rde1 Rad8 21.
Qc2 Qf7 22. e5 Be7 23. Ng5 Bxg5 24. Rxf7 Kxf7 25. Rf1+ Kg8 26. Qe4 d5 27. cxd5
Nxd5 28. h4 Be3+ 29. Kh1 c6 30. Qxg6 Nf4 31. Qe4 Nd5 32. Rf3 Bd2 33. e6 Nf6 34.
Qd3 Be1 35. Rxf6 gxf6 36. Qg6+ Kh8 37. Qxh6+ Kg8 38. Qg6+ Kh8 39. Qxf6+ Kg8 40.
h5 Rc8 41. Qf7+ Kh8 42. h6 Rg8 43. e7 Bh4 44. h7 Rge8 45. Qe6 1/2-1/2

[Event "WE Autunno B"]
[Site "Roma"]
[Date "2020.10.10"]
[Round "2"]
[White "Marchi, Alessandro"]
[Black "Fusè, Matteo"]
[Result "0-1"]
[WhiteElo "1370"]
[BlackElo "1258"]
[PlyCount "84"]
[EventDate "2020.10.??"]
[EventType "tourn"]
[EventRounds "5"]
[SourceVersionDate "2021.02.07"]

1. d4 Nf6 2. Nf3 g6 3. Bf4 Bg7 4. Qc1 h6 5. c3 d5 6. Be5 Nc6 7. Bxf6 Bxf6 8. h4
Bg4 9. g3 Bxf3 10. exf3 e5 11. Bb5 Qd6 12. Qe3 Bg7 13. f4 e4 14. f3 O-O 15.
fxe4 dxe4 16. Nd2 Rfe8 17. O-O-O a6 18. Bxc6 Qxc6 19. h5 b5 20. hxg6 fxg6 21.
a3 a5 22. Kb1 b4 23. cxb4 axb4 24. Qb3+ Kh7 25. Qxb4 e3 26. Rc1 Qg2 27. Nc4
Bxd4 28. Qe1 Qe4+ 29. Rc2 Reb8 30. b4 c5 31. Kc1 cxb4 32. Nd6 Qe7 33. Nc4 b3
34. Rch2 b2+ 35. Kb1 Qe4+ 36. Rc2 Bc3 37. Qf1 e2 38. Rxh6+ Kxh6 39. Qh3+ Kg7
40. Qd7+ Kg8 41. Nd6 e1=Q+ 42. Ka2 b1=B# 0-1

[Event "WE Autunno B"]
[Site "Roma"]
[Date "2020.10.10"]
[Round "2"]
[White "Giri, Andrea"]
[Black "De Guisa, Michele"]
[Result "1/2-1/2"]
[WhiteElo "1360"]
[BlackElo "1390"]
[PlyCount "108"]
[EventDate "2020.10.??"]
[EventType "tourn"]
[EventRounds "5"]
[SourceVersionDate "2021.02.07"]

1. e4 c5 2. b4 cxb4 3. d4 e6 4. a3 bxa3 5. Nxa3 Bb4+ 6. Bd2 Bxd2+ 7. Qxd2 Ne7
8. Nb5 Qb6 9. Qg5 Ng6 10. h4 h6 11. Qg3 O-O 12. Nf3 a6 13. h5 Ne7 14. e5 Qc6
15. Bd3 Nf5 16. Qf4 d5 17. g4 Ne7 18. g5 Nf5 19. Bxf5 exf5 20. gxh6 Qxh6 21.
Qxh6 gxh6 22. Rg1+ Kh7 23. Nc7 Ra7 24. Nxd5 b5 25. Nf6+ Kh8 26. Nh4 b4 27. Kd2
Nc6 28. c3 Be6 29. d5 bxc3+ 30. Kxc3 Bxd5 31. Nxd5 Nxe5 32. f4 Rc8+ 33. Kd4
Nc6+ 34. Ke3 Re8+ 35. Kf2 Nd4 36. Rae1 Rxe1 37. Rxe1 a5 38. Rd1 Ne6 39. Nxf5 a4
40. Nd4 Rd7 41. Nxe6 fxe6 42. Nc3 Rf7 43. Kg3 a3 44. Ra1 Ra7 45. Kf3 Kg7 46.
Nb5 Ra5 47. Nd4 Kf6 48. Nc6 Rxh5 49. Kg4 Rc5 50. Ne5 Ra5 51. Nc4 h5+ 52. Kf3
Ra4 53. Nxa3 Kf5 54. Nc2 Rxf4+ 1/2-1/2

[Event "WE Autunno B"]
[Site "Roma"]
[Date "2020.10.10"]
[Round "2"]
[White "Marseglia, Serena"]
[Black "Gismondi, Gherardo Maria"]
[Result "0-1"]
[WhiteElo "1245"]
[BlackElo "1366"]
[PlyCount "94"]
[EventDate "2020.10.??"]
[EventType "tourn"]
[EventRounds "5"]
[SourceVersionDate "2021.02.07"]

1. Nf3 Nf6 2. g3 g6 3. Bg2 Bg7 4. O-O d6 5. d4 Bf5 6. c4 Nbd7 7. Nbd2 O-O 8.
Re1 Ne4 9. Nxe4 Bxe4 10. e3 c6 11. Bh3 Bxf3 12. Qxf3 f5 13. Rd1 e5 14. dxe5
Nxe5 15. Qe2 Qc7 16. f4 Nf7 17. g4 fxg4 18. Qxg4 Rad8 19. Rb1 Rfe8 20. Kf2 d5
21. b3 d4 22. exd4 Bxd4+ 23. Kg2 Qe7 24. Bb2 Qe4+ 25. Qf3 Qe2+ 26. Qxe2 Rxe2+
27. Kf3 Rxb2 28. Rxb2 Bxb2 29. Rxd8+ Nxd8 30. Bc8 Kf7 31. Bd7 Ke7 32. Bh3 b6
33. Kg4 Ne6 34. Kf3 c5 35. f5 Ng5+ 36. Kg4 Nxh3 37. Kxh3 gxf5 38. Kg3 Ke6 39.
h4 Ke5 40. h5 Ke4 41. h6 Ke3 42. a4 f4+ 43. Kg2 Ke2 44. Kg1 f3 45. a5 f2+ 46.
Kh2 f1=Q 47. axb6 Be5# 0-1

[Event "WE Autunno B"]
[Site "Roma"]
[Date "2020.10.10"]
[Round "2"]
[White "Nardoni, Matteo"]
[Black "Pica, Livia"]
[Result "1-0"]
[WhiteElo "1144"]
[BlackElo "1571"]
[PlyCount "59"]
[EventDate "2020.10.??"]
[EventType "tourn"]
[EventRounds "5"]
[SourceVersionDate "2021.02.07"]

1. e4 c5 2. Nf3 e6 3. c3 d5 4. Bd3 Nc6 5. O-O Bd6 6. Bc2 Nge7 7. d4 c4 8. b3 b5
9. e5 Bc7 10. Ng5 h6 11. Nf3 O-O 12. Be3 Ng6 13. Qd2 Nh4 14. Ng5 Nf5 15. Bxf5
exf5 16. Nf3 g5 17. Nxg5 f6 18. Nf3 Kf7 19. Bxh6 Rg8 20. exf6 Qxf6 21. Bg5 Qg6
22. h4 Bd8 23. Re1 Bd7 24. Re5 Be6 25. Na3 a6 26. Rae1 Re8 27. Bxd8 Raxd8 28.
Ng5+ Kg8 29. Rxe6 Rxe6 30. Rxe6 1-0

[Event "WE Autunno B"]
[Site "Roma"]
[Date "2020.10.10"]
[Round "2"]
[White "La Greca, Marco"]
[Black "Tamburrini, Andrea"]
[Result "1-0"]
[WhiteElo "1447"]
[BlackElo "1223"]
[PlyCount "65"]
[EventDate "2020.10.??"]
[EventType "tourn"]
[EventRounds "5"]
[SourceVersionDate "2021.02.07"]

1. d4 d5 2. c4 e6 3. Nf3 Nf6 4. Nc3 Nc6 5. e3 Bd6 6. Bd3 O-O 7. Qe2 e5 8. dxe5
Nxe5 9. Nxd5 Bg4 10. Nxf6+ Qxf6 11. Be4 c6 12. O-O Rad8 13. h3 Bf5 14. Bxf5
Qxf5 15. Nd4 Qd3 16. Qxd3 Nxd3 17. Rd1 Nxc1 18. Raxc1 g6 19. c5 Be5 20. b4 Bxd4
21. exd4 Rfe8 22. Rd2 Rd5 23. a4 a6 24. Kf1 Kg7 25. Rc3 Red8 26. Rcd3 f5 27. f4
Kf6 28. Ke2 h6 29. Kf3 g5 30. Rd1 h5 31. fxg5+ Kxg5 32. h4+ Kxh4 33. Kf4 1-0

[Event "WE Autunno B"]
[Site "Roma"]
[Date "2020.10.10"]
[Round "3"]
[White "Fusè, Matteo"]
[Black "Nardoni, Matteo"]
[Result "1/2-1/2"]
[WhiteElo "1258"]
[BlackElo "1144"]
[PlyCount "95"]
[EventDate "2020.10.??"]
[EventType "tourn"]
[EventRounds "5"]
[SourceVersionDate "2021.02.07"]

1. c4 Nf6 2. Nc3 g6 3. g3 Bg7 4. Bg2 O-O 5. Nf3 d6 6. d4 Bg4 7. h3 Bd7 8. O-O
Re8 9. Be3 e5 10. dxe5 dxe5 11. Qb3 Be6 12. Rad1 Qe7 13. Nd5 Qd6 14. c5 Bxd5
15. cxd6 Bxb3 16. axb3 cxd6 17. Rxd6 Nc6 18. Rdd1 Rad8 19. b4 Nd5 20. Bd2 Ndxb4
21. Bxb4 Nxb4 22. Nh2 b6 23. Ng4 h5 24. Ne3 f5 25. Nd5 Nxd5 26. Bxd5+ Kh8 27.
Bf7 Rf8 28. Bxg6 e4 29. Bxf5 Rxd1 30. Rxd1 Rxf5 31. Rd8+ Rf8 32. Rd7 a5 33. Rb7
Bxb2 34. Rxb6 Bd4 35. Rh6+ Kg7 36. Rxh5 Rxf2 37. Kh1 Rxe2 38. Rxa5 Bf2 39. g4
Re1+ 40. Kg2 e3 41. Ra7+ Kf6 42. Ra6+ Kf7 43. Ra7+ Kg6 44. Ra6+ Kf7 45. Ra7+
Ke6 46. Ra6+ Ke7 47. Ra7+ Kd6 48. Ra6+ 1/2-1/2

[Event "WE Autunno B"]
[Site "Roma"]
[Date "2020.10.10"]
[Round "3"]
[White "Gismondi, Gherardo Maria"]
[Black "Giri, Andrea"]
[Result "1/2-1/2"]
[WhiteElo "1366"]
[BlackElo "1360"]
[PlyCount "83"]
[EventDate "2020.10.??"]
[EventType "tourn"]
[EventRounds "5"]
[SourceVersionDate "2021.02.07"]

1. e4 e5 2. Nf3 Nc6 3. d4 exd4 4. Nxd4 Qh4 5. Nc3 Bb4 6. Qd3 Bxc3+ 7. bxc3 Nf6
8. Nxc6 dxc6 9. e5 Nd5 10. g3 Qe7 11. f4 f6 12. a4 fxe5 13. Ba3 Qe6 14. Kd2 e4
15. Qd4 e3+ 16. Kd3 Qf5+ 17. Qe4+ Qxe4+ 18. Kxe4 Kf7 19. Bc4 Re8+ 20. Kf3 Be6
21. Bb2 Nxf4 22. Bxe6+ Nxe6 23. Kxe3 Rad8 24. Rhf1+ Kg6 25. Rad1 Ng5+ 26. Kf2
Rd5 27. Rfe1 Ne4+ 28. Kg2 Rxd1 29. Rxd1 Nc5 30. a5 Re2+ 31. Kh1 Rxc2 32. Ba1
Ra2 33. c4 Rxa5 34. Be5 Ne6 35. Bd4 Ra4 36. Kg2 c5 37. Bb2 Rxc4 38. Kf3 Rc2 39.
Be5 Rxh2 40. Ke4 Rb2 41. Kd5 Rb6 42. Rc1 1/2-1/2

[Event "WE Autunno B"]
[Site "Roma"]
[Date "2020.10.10"]
[Round "3"]
[White "Marchi, Alessandro"]
[Black "La Greca, Marco"]
[Result "0-1"]
[WhiteElo "1370"]
[BlackElo "1447"]
[PlyCount "46"]
[EventDate "2020.10.??"]
[EventType "tourn"]
[EventRounds "5"]
[SourceVersionDate "2021.02.07"]

1. d4 e6 2. e4 d5 3. e5 c5 4. Bb5+ Nc6 5. Nf3 Qb6 6. Bxc6+ bxc6 7. c3 Be7 8.
O-O f6 9. Re1 Rb8 10. Nbd2 fxe5 11. Nxe5 Nf6 12. Ndf3 O-O 13. b3 cxd4 14. Nxd4
Bc5 15. Nexc6 Bxd4 16. Rxe6 Bxf2+ 17. Kh1 Bxe6 18. Nxb8 Qxb8 19. Qe2 Ne4 20.
Ba3 Qe5 21. Bxf8 Ng3+ 22. hxg3 Qxe2 23. Bd6 Qh5# 0-1

[Event "WE Autunno B"]
[Site "Roma"]
[Date "2020.10.10"]
[Round "3"]
[White "De Guisa, Michele"]
[Black "Marsico, Mario"]
[Result "0-1"]
[WhiteElo "1390"]
[BlackElo "1152"]
[PlyCount "108"]
[EventDate "2020.10.??"]
[EventType "tourn"]
[EventRounds "5"]
[SourceVersionDate "2021.02.07"]

1. e4 e5 2. Bc4 Nf6 3. d3 Nc6 4. a3 Bc5 5. c3 d6 6. Bg5 h6 7. Bh4 Be6 8. Bxe6
fxe6 9. b4 Bb6 10. Ne2 O-O 11. O-O Qe8 12. Ng3 g5 13. Bxg5 hxg5 14. Nd2 Qg6 15.
Nc4 Rf7 16. Nxb6 axb6 17. Qb3 Ng4 18. Rae1 Raf8 19. f3 Nh6 20. a4 g4 21. f4
Rxf4 22. Rxf4 exf4 23. Nf5 Nxf5 24. exf5 Qxf5 25. Rxe6 d5 26. Re1 Qxd3 27. Rd1
Qe3+ 28. Kh1 Rd8 29. Qc2 Qe4 30. Qf2 Re8 31. Qh4 Qe2 32. Qg5+ Kf7 33. Qxf4+ Kg6
34. Rg1 Qe4 35. Qxc7 Re7 36. Qxb6 g3 37. h3 Qe3 38. Qxe3 Rxe3 39. Rc1 Ne5 40.
Kg1 Nc4 41. b5 b6 42. Kf1 Nd2+ 43. Kg1 Kf5 44. Rd1 Rd3 45. a5 Nf3+ 46. gxf3
Rxd1+ 47. Kg2 bxa5 48. Kxg3 Rb1 49. h4 Rxb5 50. h5 Rb8 51. f4 Rh8 52. c4 dxc4
53. Kh4 Kxf4 54. h6 Rxh6# 0-1

[Event "WE Autunno B"]
[Site "Roma"]
[Date "2020.10.10"]
[Round "3"]
[White "Tamburrini, Andrea"]
[Black "Marseglia, Serena"]
[Result "1-0"]
[WhiteElo "1223"]
[BlackElo "1245"]
[PlyCount "103"]
[EventDate "2020.10.??"]
[EventType "tourn"]
[EventRounds "5"]
[SourceVersionDate "2021.02.07"]

1. e4 c5 2. Nf3 d6 3. d4 cxd4 4. Nxd4 Nf6 5. Nc3 g6 6. Be3 Bg7 7. Bd3 O-O 8.
O-O Nc6 9. Nxc6 bxc6 10. Qd2 Be6 11. Rad1 Rb8 12. b3 Qd7 13. Bc4 Bxc4 14. bxc4
Rb4 15. Qd3 c5 16. Bxc5 Rb7 17. Be3 Ng4 18. Bf4 Ne5 19. Bxe5 Bxe5 20. f4 Bxc3
21. Qxc3 Qa4 22. e5 dxe5 23. fxe5 Rc8 24. Qf3 Qxc4 25. Qxb7 Qc5+ 26. Kh1 Qxc2
27. Qxe7 Qxa2 28. Rd8+ Rxd8 29. Qxd8+ Kg7 30. Qf6+ Kh6 31. e6 Qxe6 32. Qxe6
fxe6 33. Re1 a5 34. Rxe6 a4 35. Ra6 Kg5 36. Rxa4 h5 37. h4+ Kf6 38. g4 hxg4 39.
Rxg4 Kg7 40. Rg5 Kh6 41. Kg2 Kg7 42. Kg3 Kh6 43. Kg4 Kg7 44. h5 Kh6 45. Rxg6+
Kh7 46. Kg5 Kh8 47. h6 Kh7 48. Rg7+ Kh8 49. Ra7 Kg8 50. Kf6 Kh8 51. Kg6 Kg8 52.
Ra8# 1-0

[Event "WE Autunno B"]
[Site "Roma"]
[Date "2020.10.11"]
[Round "4"]
[White "Giri, Andrea"]
[Black "Fusè, Matteo"]
[Result "1-0"]
[WhiteElo "1360"]
[BlackElo "1258"]
[PlyCount "49"]
[EventDate "2020.10.??"]
[EventType "tourn"]
[EventRounds "5"]
[SourceVersionDate "2021.02.07"]

1. e4 e5 2. Nf3 Nc6 3. Bc4 Bc5 4. b4 Bxb4 5. c3 Ba5 6. d4 exd4 7. O-O Nge7 8.
cxd4 d5 9. exd5 Nxd5 10. Qb3 Be6 11. Ba3 Bb6 12. Bxd5 Bxd5 13. Re1+ Be6 14. d5
Na5 15. Qa4+ c6 16. dxe6 fxe6 17. Rxe6+ Kf7 18. Re7+ Kg8 19. Nbd2 Qd5 20. Qg4
g6 21. Rae1 c5 22. Re8+ Rxe8 23. Rxe8+ Kg7 24. Bb2+ Kf7 25. Rxh8 1-0

[Event "WE Autunno B"]
[Site "Roma"]
[Date "2020.10.11"]
[Round "4"]
[White "La Greca, Marco"]
[Black "Gismondi, Gherardo Maria"]
[Result "1-0"]
[WhiteElo "1447"]
[BlackElo "1366"]
[PlyCount "67"]
[EventDate "2020.10.??"]
[EventType "tourn"]
[EventRounds "5"]
[SourceVersionDate "2021.02.07"]

1. e4 d5 2. exd5 Qxd5 3. c4 Qa5 4. Be2 c6 5. Nc3 Bf5 6. d4 e6 7. Nf3 Bb4 8. Bd2
Nf6 9. O-O Bxc3 10. Bxc3 Qc7 11. d5 Nbd7 12. d6 Qd8 13. Re1 O-O 14. Ne5 Ne4 15.
Nxd7 Nxc3 16. bxc3 Qxd7 17. Qd4 b6 18. c5 bxc5 19. Qxc5 Rab8 20. Bf3 Rfd8 21.
Rad1 Rb6 22. a4 Bc2 23. Rd4 Rdb8 24. a5 Rb1 25. Kf1 Rxe1+ 26. Kxe1 Rc8 27. a6
Bb3 28. Rb4 Bd5 29. Rb7 Qd8 30. Rxa7 Qg5 31. Qe3 Qd8 32. d7 Ra8 33. Rxa8 Qxa8
34. Qb6 1-0

[Event "WE Autunno B"]
[Site "Roma"]
[Date "2020.10.11"]
[Round "4"]
[White "Nardoni, Matteo"]
[Black "Marsico, Mario"]
[Result "1-0"]
[WhiteElo "1144"]
[BlackElo "1152"]
[PlyCount "133"]
[EventDate "2020.10.??"]
[EventType "tourn"]
[EventRounds "5"]
[SourceVersionDate "2021.02.07"]

1. e4 e5 2. Nf3 Nc6 3. Bb5 Bc5 4. O-O Nge7 5. Nc3 a6 6. Bc4 b5 7. Bb3 d6 8. h3
Nd4 9. Bd5 Nxf3+ 10. Qxf3 Nxd5 11. Nxd5 O-O 12. d3 f5 13. exf5 Bxf5 14. Qg3 Be6
15. Bh6 Rf7 16. Nc3 Qf6 17. Bg5 Qg6 18. Ne4 Bd5 19. Nxc5 dxc5 20. Bh4 Qxg3 21.
Bxg3 e4 22. dxe4 Bxe4 23. Rfe1 Bd5 24. Re5 c6 25. a3 c4 26. c3 Rd8 27. Rd1 Rff8
28. Re7 Rfe8 29. Bh4 Rxe7 30. Bxe7 Re8 31. Bb4 Re2 32. Rb1 Kf7 33. Kf1 Rd2 34.
Ke1 Rc2 35. g3 Be4 36. Rd1 Bd3 37. Rd2 Rc1+ 38. Rd1 Rxd1+ 39. Kxd1 Ke6 40. Kd2
Kd5 41. Ke3 h5 42. f3 g6 43. h4 Ke5 44. g4 Bc2 45. Bc5 a5 46. Bd4+ Kd5 47. Kf4
c5 48. Bg7 b4 49. gxh5 gxh5 50. Kg5 Bd1 51. f4 bxc3 52. Bxc3 a4 53. f5 Kd6 54.
Kh6 Bc2 55. f6 Bf5 56. f7 Ke7 57. Kg7 Kd7 58. f8=Q Kc7 59. Qxf5 Kb6 60. Qc8 Kb5
61. Kf6 Kb6 62. Ke5 Ka7 63. Kd5 Kb6 64. Qxc5+ Ka6 65. Qb4 Ka7 66. Kc6 Ka8 67.
Qb7# 1-0

[Event "WE Autunno B"]
[Site "Roma"]
[Date "2020.10.11"]
[Round "4"]
[White "Pica, Livia"]
[Black "Marchi, Alessandro"]
[Result "1-0"]
[WhiteElo "1571"]
[BlackElo "1370"]
[PlyCount "121"]
[EventDate "2020.10.??"]
[EventType "tourn"]
[EventRounds "5"]
[SourceVersionDate "2021.02.07"]

1. d4 d5 2. Nf3 Bf5 3. Nc3 e6 4. e3 c6 5. Be2 Bb4 6. O-O Qa5 7. Bd2 Qc7 8. Re1
Nf6 9. h3 Nbd7 10. Bf1 Bd6 11. Ne2 Ne4 12. Rc1 Qd8 13. b3 Qf6 14. c4 Ba3 15.
Ra1 Ng5 16. Nxg5 Bb2 17. Nf3 Bxa1 18. Qxa1 h5 19. cxd5 exd5 20. Nf4 g5 21. Nd3
g4 22. Nh2 gxh3 23. g3 Rg8 24. Qd1 Bg4 25. Be2 Bf5 26. Nf4 h4 27. g4 O-O-O 28.
Nxh3 Rg7 29. Nf4 Rh8 30. f3 Nf8 31. Kf2 h3 32. b4 Qh4+ 33. Kg1 Bd7 34. Rf1 Qg3+
35. Kh1 Qh4 36. Be1 Qe7 37. Qc1 f5 38. a3 fxg4 39. Nxg4 Bxg4 40. fxg4 h2 41.
Rf2 Qd6 42. Rg2 Ne6 43. Bg3 Nxf4 44. Bxf4 Qg6 45. Be5 Rgh7 46. Bxh8 Rxh8 47.
Qf1 Qe4 48. Qf5+ Qxf5 49. gxf5 Rh3 50. Rg8+ Kd7 51. Rg7+ Ke8 52. f6 Kf8 53. e4
Rxa3 54. e5 Ra1+ 55. Bd1 Rxd1+ 56. Kxh2 Rxd4 57. e6 Rf4 58. e7+ Ke8 59. Rg8+
Kd7 60. e8=Q+ Kc7 61. Qd8# 1-0

[Event "WE Autunno B"]
[Site "Roma"]
[Date "2020.10.11"]
[Round "4"]
[White "Tamburrini, Andrea"]
[Black "De Guisa, Michele"]
[Result "1-0"]
[WhiteElo "1223"]
[BlackElo "1390"]
[PlyCount "89"]
[EventDate "2020.10.??"]
[EventType "tourn"]
[EventRounds "5"]
[SourceVersionDate "2021.02.07"]

1. e4 c5 2. Nf3 d6 3. d4 cxd4 4. Nxd4 Bd7 5. Bc4 Nc6 6. Be3 Nf6 7. Nc3 a6 8.
Nxc6 bxc6 9. O-O c5 10. Qe2 Qc8 11. Rad1 Ng4 12. h3 Ne5 13. Rfe1 Nxc4 14. Qxc4
g6 15. Qd3 Bg7 16. Qd2 h6 17. Nd5 Qd8 18. b4 c4 19. Bb6 Rc8 20. Bxd8 c3 21. Qe3
Rxd8 22. Nxc3 Rc8 23. Rd3 O-O 24. Nd5 Rfe8 25. Nb6 Rcd8 26. Nxd7 Rxd7 27. Red1
Rc7 28. Qb6 Rec8 29. Qxa6 Rxc2 30. R3d2 R2c6 31. Qd3 Be5 32. Qb3 Rc3 33. Qb1
Bf4 34. Re2 Rc1 35. Qd3 R8c3 36. Qxc3 Rxc3 37. b5 Rc4 38. Rb2 Rc8 39. b6 Rb8
40. g3 Be5 41. Rb5 Rb7 42. Rc1 f6 43. Rc7 Rb8 44. b7 d5 45. Rc8+ 1-0

[Event "WE Autunno B"]
[Site "Roma"]
[Date "2020.10.11"]
[Round "5"]
[White "Giri, Andrea"]
[Black "La Greca, Marco"]
[Result "0-1"]
[WhiteElo "1360"]
[BlackElo "1447"]
[PlyCount "54"]
[EventDate "2020.10.??"]
[EventType "tourn"]
[EventRounds "5"]
[SourceVersionDate "2021.02.07"]

1. e4 d5 2. d4 dxe4 3. Nc3 Nf6 4. f3 exf3 5. Nxf3 e6 6. Bc4 c5 7. O-O cxd4 8.
Ne2 Bc5 9. Kh1 Nc6 10. Bf4 Ne4 11. Qd3 Nf6 12. a3 O-O 13. b4 Bb6 14. Rad1 Ng4
15. b5 e5 16. Bg5 Ne7 17. Nfxd4 exd4 18. Qe4 Bc5 19. Nxd4 Qd6 20. Bf4 Qd7 21.
Rd3 Ng6 22. Ne6 Qe7 23. Nxc5 Qxc5 24. Be3 Qe5 25. Bxf7+ Rxf7 26. Rd8+ Nf8 27.
Rxf7 Qxh2# 0-1

[Event "WE Autunno B"]
[Site "Roma"]
[Date "2020.10.11"]
[Round "5"]
[White "Nardoni, Matteo"]
[Black "Tamburrini, Andrea"]
[Result "1-0"]
[WhiteElo "1144"]
[BlackElo "1223"]
[PlyCount "59"]
[EventDate "2020.10.??"]
[EventType "tourn"]
[EventRounds "5"]
[SourceVersionDate "2021.02.07"]

1. e4 e5 2. Nf3 Nc6 3. Bb5 d6 4. h3 Bd7 5. O-O Nf6 6. d3 Be7 7. Be3 O-O 8. c3
h6 9. Ba4 Nh7 10. Bc2 Ng5 11. Nxg5 Bxg5 12. d4 Bxe3 13. fxe3 Qg5 14. Qf3 Ne7
15. g4 Ng6 16. Na3 Nh4 17. Qg3 f5 18. exf5 Bxf5 19. e4 Bd7 20. Nc4 Rae8 21. Bb3
Kh8 22. dxe5 Rxf1+ 23. Rxf1 dxe5 24. Rf7 Re7 25. Rxe7 Qxe7 26. Nxe5 g5 27. Qxh4
Qc5+ 28. Qf2 Qxe5 29. Qf8+ Kh7 30. Qg8# 1-0

[Event "WE Autunno B"]
[Site "Roma"]
[Date "2020.10.11"]
[Round "5"]
[White "Fusè, Matteo"]
[Black "Pica, Livia"]
[Result "1-0"]
[WhiteElo "1258"]
[BlackElo "1571"]
[PlyCount "65"]
[EventDate "2020.10.??"]
[EventType "tourn"]
[EventRounds "5"]
[SourceVersionDate "2021.02.07"]

1. e4 c5 2. b4 e6 3. Nf3 a6 4. Be2 b5 5. a3 Bb7 6. d3 Nc6 7. c3 d6 8. Bb2 Nf6
9. Nbd2 Be7 10. Qc2 Qc7 11. O-O O-O 12. Rad1 Nh5 13. Rfe1 Nf4 14. Bf1 e5 15. g3
Ng6 16. Bg2 Bf6 17. Nf1 Nge7 18. Ne3 g6 19. d4 cxd4 20. cxd4 Qb8 21. dxe5 dxe5
22. Nd5 Nxd5 23. exd5 Ne7 24. Nxe5 Rd8 25. Nc6 Bxc6 26. Bxf6 Rxd5 27. Bxd5 Nxd5
28. Qxc6 Nxf6 29. Qxf6 Qc8 30. Re7 Qf8 31. Rdd7 Re8 32. Rxe8 Qxe8 33. Rd8 1-0

[Event "WE Autunno B"]
[Site "Roma"]
[Date "2020.10.11"]
[Round "5"]
[White "Marsico, Mario"]
[Black "Gismondi, Gherardo Maria"]
[Result "1-0"]
[WhiteElo "1152"]
[BlackElo "1366"]
[PlyCount "85"]
[EventDate "2020.10.??"]
[EventType "tourn"]
[EventRounds "5"]
[SourceVersionDate "2021.02.07"]

1. c4 e5 2. Nc3 g6 3. d4 Bg7 4. e3 d6 5. Nge2 Nc6 6. d5 Nce7 7. g3 f5 8. e4 Nf6
9. Bg2 O-O 10. f4 fxe4 11. fxe5 dxe5 12. O-O Bg4 13. Nxe4 Nxe4 14. Bxe4 Rxf1+
15. Qxf1 Qd6 16. Nc3 Rf8 17. Qg2 Nf5 18. h3 Bh5 19. g4 Nh4 20. Qg3 Qb6+ 21. c5
Qxc5+ 22. Be3 Rf3 23. Bxc5 Rxg3+ 24. Kh2 Rxc3 25. bxc3 b6 26. Ba3 Bxg4 27. hxg4
Bf6 28. d6 cxd6 29. Bxd6 Kg7 30. Rd1 Kh6 31. Rd5 Kg5 32. Bxe5 Bxe5+ 33. Rxe5+
Kxg4 34. Re7 Kf4 35. Rxh7 Nf3+ 36. Bxf3 Kxf3 37. Rxa7 g5 38. Kg1 Ke3 39. Rb7
Kd3 40. Rxb6 Kxc3 41. a4 Kc4 42. a5 Kc5 43. Kg2 1-0